Reinar después de morir
Gespeichert in:
| 1. Verfasser: | |
|---|---|
| Format: | Buch |
| Sprache: | Spanisch |
| Veröffentlicht: |
Zaragoza
Ebro
1977
|
| Ausgabe: | 6a. ed |
| Schriftenreihe: | Biblioteca Clásica Ebro. Clásicos Españoles,54
|
| Schlagworte: | |
| Tags: |
Tag hinzufügen
Keine Tags, Fügen Sie den ersten Tag hinzu!
|
MARC
| LEADER | 00000nam a2200000 a 4500 | ||
|---|---|---|---|
| 001 | UCQ1902 | ||
| 003 | CL-VaPUC | ||
| 008 | 980721e19770000SP |||||||||||||||||spa|d | ||
| 082 | 0 | 4 | |a 862 |b VEL |2 21 |
| 100 | 0 | |a Vélez de Guevara, Luis |e author |9 382916 | |
| 245 | 1 | 0 | |a Reinar después de morir |
| 250 | |a 6a. ed | ||
| 300 | |a 118 p | ||
| 942 | |c BK | ||
| 945 | |d 19980721 00:00:00 |a lriquelm | ||
| 260 | |a Zaragoza |b Ebro |c 1977 | ||
| 650 | 0 | |a Dramas españoles |9 267081 | |
| 650 | 0 | |a Literatura española |9 306261 | |
| 583 | |a last modification |c 19980721 00:00:00 |k Rodrigo Vera | ||
| 490 | 0 | |a Biblioteca Clásica Ebro. Clásicos Españoles,54 | |
| 999 | |c 272745 |d 272743 | ||
| 952 | |0 0 |1 0 |4 0 |6 862_000000000000000_VEL_1977 |7 0 |8 A |9 307881 |a BIBEDU |b BIBEDU |d 2019-11-20 |i 1436910 |o 862 VEL 1977 |p 1436910 |r 2019-11-20 |w 2019-11-20 |y BK |k LIT | ||